000 00595nam a22001577a 4500
008 161112b xxu||||| |||| 00| 0 eng d
020 _a158279524-X
082 _22006
_aDRef 610.03
_bN42
245 _aThe New International standard medical & health encyclopedia/
_cedited by Richard J. Wagman.
260 _aUnited States of America :
_bTrident Reference Publishing,
_cc2006.
300 _a4 volumes :
_billustrations ;
_c24 cm.
650 0 _917164
_aMedicine
_vEncyclopedias
650 0 _917165
_aHealth
_vEncyclopedias
700 _917166
_aWagman, Richard J.
_eEditor
942 _2ddc
_cDREF
999 _c5574
_d5574